| 000 | 00000nam##2200000za#4500 |
| 001 | 9.577868 |
| 003 | CaOODSP |
| 005 | 20210624185821 |
| 007 | cr ||||||||||| |
| 008 | 150406|1981||||xxc|||||o f|0| 0 eng|d |
| 022 | |a1488-5387 |
| 040 | |aCaOODSP|beng |
| 043 | |an-cn--- |
| 086 | 1 |aFs97-4/1616E-PDF |
| 110 | 1 |aCanada. |bDepartment of Fisheries and Oceans. |
| 245 | 10|aPopulations of Pacific salmon in British Columbia, 1970-1979 / |h[electronic resource]|cby D.M. Archibald and C.C. Graham. |
| 260 | |aVancouver - British Columbia : |bFisheries and Oceans Canada |cJuly 1981. |
| 300 | |a73p.|bmaps, references, tables |
| 490 | 1 |aCanadian manuscript report of fisheries and aquatic sciences|x1488-5387|vNo. 1616 |
| 546 | |a(Résumés en français) |
| 590 | |a13-25-Supp|b2013-10-28 |
| 690 | 07|aFisheries management|2gcpds |
| 690 | 07|aSalt water fish|2gcpds |
| 720 | 1 |aArchibald, D. M. |
| 720 | 1 |aGraham, C. C. |
| 830 | #0|aCanadian manuscript report of fisheries and aquatic sciences,|x1488-5387|vNo. 1616|w(CaOODSP)9.505211 |
| 856 | 40|ahttp://publications.gc.ca|qPDF|s2.39 MB|uhttps://publications.gc.ca/collections/collection_2013/mpo-dfo/Fs97-4-1616-eng.pdf|yNo. 1616 |